[Event "San Francisco TNM Fall op"]
[Site "San Francisco"]
[Date "2017.10.31"]
[Round "2"]
[White "Maser, Thomas F"]
[Black "Yamamoto, Craig"]
[Result "1-0"]
[WhiteElo "1927"]
[BlackElo "1588"]
[PlyCount "71"]
[EventDate "2017.10.24"]
[EventType "swiss"]
[EventRounds "9"]
[EventCountry "USA"]
[SourceTitle "EXT 2023"]
[Source "ChessBase"]
[SourceDate "2022.10.05"]
[SourceVersion "1"]
[SourceVersionDate "2022.10.05"]
[SourceQuality "1"]

1. e4 e5 2. Nf3 Nc6 3. Bb5 d6 4. d3 a6 5. Ba4 b5 6. Bb3 Na5 7. 0-0 Nxb3 8. axb3 Be7 9. Nc3 Bb7 10. Re1 Nf6 11. Ne2 0-0 12. Ng3 g6 13. c3 Kg7 14. Qe2 Ng8 15. d4 f6 16. Be3 c5 17. dxc5 dxc5 18. Rad1 Qc7 19. Nh4 f5 20. exf5 Bxh4 21. fxg6 hxg6 22. Qg4 Be7 23. Rd7 Qc6 24. Nh5+ Kh7 25. Bg5 Rae8 26. Rxe5 Rf7 27. Nf4 Kg7 28. Nd5 Qc8 29. Nxe7 Rfxe7 30. Bxe7 Rxe7 31. Rdxe7+ Nxe7 32. Rxe7+ Kf6 33. Qxc8 Bxc8 34. Rc7 Be6 35. Rxc5 Bxb3 36. Rc6+ 1-0

[Event "San Francisco Grey Memorial"]
[Site "San Francisco"]
[Date "2017.09.26"]
[Round "8"]
[White "Boldi, Ethan Vaughn"]
[Black "Maser, Thomas F"]
[Result "1-0"]
[WhiteElo "1872"]
[BlackElo "1941"]
[PlyCount "65"]
[EventDate "2017.08.08"]
[EventType "swiss"]
[EventRounds "9"]
[EventCountry "USA"]
[SourceTitle "EXT 2023"]
[Source "ChessBase"]
[SourceDate "2022.10.05"]
[SourceVersion "1"]
[SourceVersionDate "2022.10.05"]
[SourceQuality "1"]

1. e4 e5 2. Nf3 Nc6 3. Bc4 Nf6 4. Ng5 d5 5. exd5 Na5 6. Bb5+ c6 7. dxc6 bxc6 8. Bd3 h6 9. Ne4 Be7 10. 0-0 0-0 11. Qf3 Rb8 12. b3 Nd5 13. Bb2 Qc7 14. Re1 f5 15. Qg3 Nf4 16. Nec3 Bd6 17. Ba3 Rf6 18. Bxd6 Qxd6 19. Qe3 Bd7 20. Qxa7 Nb7 21. Na3 Nc5 22. Nc4 Qf8 23. Nxe5 Nfxd3 24. Nxd7 Nxd7 25. cxd3 Qd6 26. Re3 f4 27. Ne4 fxe3 28. Nxd6 exf2+ 29. Qxf2 Rxf2 30. Kxf2 Rd8 31. d4 Nf6 32. Nf5 Rf8 33. Ne7+ 1-0

[Event "San Francisco TNM Fall op"]
[Site "San Francisco"]
[Date "2016.11.29"]
[Round "7"]
[White "Yang, Eric"]
[Black "Maser, Thomas F"]
[Result "1-0"]
[WhiteElo "1851"]
[BlackElo "1946"]
[PlyCount "77"]
[EventDate "2016.10.18"]
[EventType "swiss"]
[EventRounds "9"]
[EventCountry "USA"]
[SourceTitle "EXT 2018"]
[Source "ChessBase"]
[SourceDate "2017.10.13"]
[SourceVersion "1"]
[SourceVersionDate "2017.10.13"]
[SourceQuality "1"]

1. e4 e5 2. Nf3 Nc6 3. Bb5 a6 4. Ba4 d6 5. c3 Bd7 6. 0-0 Nf6 7. Re1 g6 8. d4 Qe7 9. d5 Nb8 10. Bc2 Bg7 11. c4 0-0 12. Nbd2 c5 13. b4 cxb4 14. a3 bxa3 15. Bxa3 Bg4 16. h3 Bxf3 17. Qxf3 Rc8 18. Qb3 Nh5 19. Bd3 Nf4 20. Bf1 Nd7 21. Qxb7 Rab8 22. Qxa6 Nxh3+ 23. gxh3 Qg5+ 24. Bg2 Qxd2 25. Bxd6 Nc5 26. Bxc5 Rxc5 27. Red1 Qb4 28. Bf1 Bf8 29. Qf6 Bg7 30. Qh4 Qb6 31. d6 Qd8 32. Qxd8+ Rxd8 33. Ra6 Bf6 34. Rd5 Rxd5 35. exd5 e4 36. c5 Be5 37. Bb5 f5 38. Ra7 f4 39. d7 1-0

[Event "San Francisco Benson Memorial"]
[Site "San Francisco"]
[Date "2016.09.20"]
[Round "8"]
[White "Smith, Mahlon A"]
[Black "Maser, Thomas F"]
[Result "1-0"]
[WhiteElo "2064"]
[BlackElo "1927"]
[PlyCount "83"]
[EventDate "2016.08.02"]
[EventType "swiss"]
[EventRounds "9"]
[EventCountry "USA"]
[SourceTitle "EXT 2018"]
[Source "ChessBase"]
[SourceDate "2017.10.13"]
[SourceVersion "1"]
[SourceVersionDate "2017.10.13"]
[SourceQuality "1"]

1. e4 e5 2. Qh5 Nf6 3. Qxe5+ Be7 4. d3 d5 5. Qf4 dxe4 6. dxe4 0-0 7. Nc3 Nc6 8. Bd2 Bd6 9. Qh4 Ne5 10. f3 Be6 11. 0-0-0 Qe7 12. Bg5 Ned7 13. f4 Bb4 14. f5 Bxc3 15. bxc3 Bxa2 16. Kb2 Qc5 17. Kxa2 Rfe8 18. Bd3 Re5 19. Nf3 Qa5+ 20. Kb2 Rc5 21. Qe1 Ng4 22. Nd4 Nf2 23. Nb3 Nxd1+ 24. Kc1 Qa3+ 25. Kxd1 Rc6 26. Bc1 Qd6 27. g3 a5 28. Bf4 Ne5 29. Bxe5 Qxe5 30. Nd4 Rb6 31. Kd2 c5 32. Nf3 Qd6 33. e5 Qd8 34. Qe4 a4 35. Ra1 a3 36. Qc4 Rb2 37. e6 fxe6 38. fxe6 Qe7 39. h4 b5 40. Qe4 g6 41. Qxa8+ Kg7 42. Qxa3 1-0

[Event "San Francisco Benson Memorial"]
[Site "San Francisco"]
[Date "2016.09.06"]
[Round "6"]
[White "Wong, Russell"]
[Black "Maser, Thomas F"]
[Result "1-0"]
[WhiteElo "2200"]
[BlackElo "1927"]
[PlyCount "52"]
[EventDate "2016.08.02"]
[EventType "swiss"]
[EventRounds "9"]
[EventCountry "USA"]
[SourceTitle "EXT 2018"]
[Source "ChessBase"]
[SourceDate "2017.10.13"]
[SourceVersion "1"]
[SourceVersionDate "2017.10.13"]
[SourceQuality "1"]

1. e4 e5 2. Nc3 Nf6 3. f4 d6 4. Nf3 Nbd7 5. d4 exd4 6. Qxd4 c5 7. Qd2 a6 8. a4 Be7 9. Bd3 Qa5 10. 0-0 c4 11. Bxc4 b5 12. Bxf7+ Kxf7 13. e5 Bb7 14. Ng5+ Ke8 15. exf6 gxf6 16. Ne6 b4 17. Ne2 Rg8 18. Ng3 Rc8 19. Rf2 h5 20. Nd4 Qd5 21. Ndf5 Nc5 22. Re2 Rc7 23. Nxd6+ Kf8 24. Nxb7 Qxb7 25. f5 Rd7 26. Qh6+ Kf7 1-0

[Event "San Francisco TNM Summer op"]
[Site "San Francisco"]
[Date "2016.07.12"]
[Round "8"]
[White "Melville, Cailen Jeremiah"]
[Black "Maser, Thomas F"]
[Result "1-0"]
[WhiteElo "1901"]
[BlackElo "1985"]
[PlyCount "71"]
[EventDate "2016.05.24"]
[EventType "swiss"]
[EventRounds "8"]
[EventCountry "USA"]
[SourceTitle "EXT 2018"]
[Source "ChessBase"]
[SourceDate "2017.10.13"]
[SourceVersion "1"]
[SourceVersionDate "2017.10.13"]
[SourceQuality "1"]

1. d4 Nf6 2. c4 e6 3. g3 Bb4+ 4. Bd2 a5 5. Bg2 d5 6. Nf3 dxc4 7. e3 0-0 8. 0-0 Nc6 9. a3 Bd6 10. Nc3 e5 11. d5 Ne7 12. e4 c6 13. Bg5 cxd5 14. Bxf6 gxf6 15. Nd2 d4 16. Nxc4 dxc3 17. Nxd6 c2 18. Qd2 Ra6 19. Nc4 Qxd2 20. Nxd2 Rd8 21. Nc4 Nc6 22. Rae1 Be6 23. Ne3 Nd4 24. Kh1 Rb6 25. b4 axb4 26. axb4 Rxb4 27. Rc1 Bc4 28. Nxc2 Bxf1 29. Nxb4 Bxg2+ 30. Kxg2 Kf8 31. Rc7 Rb8 32. Nd5 Ne6 33. Rd7 b5 34. Nxf6 b4 35. Rd1 b3 36. Nd7+ 1-0

[Event "San Francisco TNM Summer op"]
[Site "San Francisco"]
[Date "2016.05.24"]
[Round "1"]
[White "Maser, Thomas F"]
[Black "Cheng, Andrew Ys"]
[Result "1-0"]
[WhiteElo "1985"]
[BlackElo "1381"]
[PlyCount "65"]
[EventDate "2016.05.24"]
[EventType "swiss"]
[EventRounds "8"]
[EventCountry "USA"]
[SourceTitle "EXT 2018"]
[Source "ChessBase"]
[SourceDate "2017.10.13"]
[SourceVersion "1"]
[SourceVersionDate "2017.10.13"]
[SourceQuality "1"]

1. e4 e5 2. Nf3 Nc6 3. Bb5 d6 4. 0-0 Nf6 5. Re1 a6 6. Ba4 b5 7. Bb3 Bg4 8. c3 g6 9. d4 exd4 10. Bg5 dxc3 11. Nxc3 Bg7 12. Bxf6 Bxf6 13. Qd5 0-0 14. Qxc6 Bxf3 15. gxf3 Be5 16. Nd5 Qg5+ 17. Kf1 Bxh2 18. Ke2 Qe5 19. Qc3 Qxc3 20. Nxc3 Be5 21. Rac1 c6 22. Nd1 c5 23. Bd5 Rab8 24. b3 Kg7 25. Rc2 h5 26. Nb2 Bxb2 27. Rxb2 h4 28. f4 h3 29. Rh1 Rh8 30. Rh2 Rh4 31. Kf3 Kf6 32. Kg3 Rbh8 33. Rd2 1-0

[Event "San Francisco TNM Spring op"]
[Site "San Francisco"]
[Date "2016.03.15"]
[Round "1"]
[White "Stearman, Micah S"]
[Black "Maser, Thomas F"]
[Result "0-1"]
[WhiteElo "1083"]
[BlackElo "1932"]
[PlyCount "42"]
[EventDate "2016.03.15"]
[EventType "swiss"]
[EventRounds "8"]
[EventCountry "USA"]
[SourceTitle "EXT 2018"]
[Source "ChessBase"]
[SourceDate "2017.10.13"]
[SourceVersion "1"]
[SourceVersionDate "2017.10.13"]
[SourceQuality "1"]

1. e4 e5 2. Nf3 Nc6 3. Bc4 Nf6 4. Nc3 Be7 5. 0-0 d6 6. d3 Bg4 7. Be3 Na5 8. Bd5 c6 9. Bxf7+ Kxf7 10. b4 b5 11. bxa5 Rf8 12. h3 Bd7 13. d4 exd4 14. Bxd4 b4 15. Ne2 Nxe4 16. Qd3 d5 17. Ne5+ Kg8 18. a3 Qe8 19. f3 Nc5 20. Bxc5 Bxc5+ 21. Kh1 Qxe5 0-1

[Event "San Francisco TNM Fall op"]
[Site "San Francisco"]
[Date "2015.12.01"]
[Round "7"]
[White "Ortega, Bill"]
[Black "Maser, Thomas F"]
[Result "1-0"]
[WhiteElo "1936"]
[BlackElo "1985"]
[PlyCount "59"]
[EventDate "2015.10.20"]
[EventType "swiss"]
[EventRounds "9"]
[EventCountry "USA"]
[SourceTitle "EXT 2023"]
[Source "ChessBase"]
[SourceDate "2022.10.05"]
[SourceVersion "1"]
[SourceVersionDate "2022.10.05"]
[SourceQuality "1"]

1. e4 e5 2. Nf3 Nc6 3. d4 exd4 4. Bc4 Nf6 5. e5 d5 6. Bb5 Ne4 7. Nxd4 Bd7 8. Bxc6 bxc6 9. 0-0 Bc5 10. f3 Ng5 11. f4 Ne4 12. Be3 Qe7 13. Nd2 f5 14. Nxe4 fxe4 15. Qd2 0-0 16. Nb3 Bb6 17. Qc3 Rab8 18. Nc5 Bf5 19. b4 Rf7 20. a4 a5 21. bxa5 Ba7 22. Rab1 Rxb1 23. Rxb1 g5 24. fxg5 Bc8 25. a6 d4 26. Bxd4 Qxg5 27. Nxe4 Qxe5 28. Bxa7 Qxe4 29. Re1 Qd5 30. Bc5 1-0

[Event "San Francisco TNM Fall op"]
[Site "San Francisco"]
[Date "2015.11.24"]
[Round "6"]
[White "Maser, Thomas F"]
[Black "Vickers, Keith"]
[Result "1/2-1/2"]
[WhiteElo "1985"]
[BlackElo "2029"]
[PlyCount "87"]
[EventDate "2015.10.20"]
[EventType "swiss"]
[EventRounds "9"]
[EventCountry "USA"]
[SourceTitle "EXT 2023"]
[Source "ChessBase"]
[SourceDate "2022.10.05"]
[SourceVersion "1"]
[SourceVersionDate "2022.10.05"]
[SourceQuality "1"]

1. e4 d5 2. exd5 Qxd5 3. Nf3 Nf6 4. Nc3 Qd6 5. d4 Bg4 6. Be2 c6 7. h3 Bh5 8. Be3 e6 9. Ne5 Bxe2 10. Qxe2 Nbd7 11. Nxd7 Qxd7 12. 0-0-0 Bb4 13. Qc4 a5 14. g4 Nd5 15. Ne4 Nxe3 16. fxe3 Qd5 17. Qxd5 cxd5 18. Nf2 Kd7 19. Rhf1 f6 20. e4 h5 21. g5 fxg5 22. exd5 exd5 23. Nd3 Rhf8 24. Ne5+ Ke6 25. Nf3 Be7 26. Rde1+ Kd6 27. Ne5 Rxf1 28. Rxf1 Bf6 29. Re1 Re8 30. Rf1 Bxe5 31. dxe5+ Rxe5 32. Rf7 Re7 33. Rf5 g6 34. Rxg5 Re6 35. c4 dxc4 36. Rxa5 Re5 37. Ra4 Kc5 38. Kd2 g5 39. b3 Re4 40. Ra5+ b5 41. a4 cxb3 42. Rxb5+ Kc4 43. Rxg5 Kb4 44. Rxh5 1/2-1/2

[Event "San Francisco Leighton Memorial"]
[Site "San Francisco"]
[Date "2015.09.15"]
[Round "7"]
[White "LaGrotta, Daniel S"]
[Black "Maser, Thomas F"]
[Result "0-1"]
[WhiteElo "1772"]
[BlackElo "1985"]
[PlyCount "56"]
[EventDate "2015.08.04"]
[EventType "swiss"]
[EventRounds "9"]
[EventCountry "USA"]
[SourceTitle "EXT 2023"]
[Source "ChessBase"]
[SourceDate "2022.10.05"]
[SourceVersion "1"]
[SourceVersionDate "2022.10.05"]
[SourceQuality "1"]

1. e4 e5 2. Nf3 Nc6 3. Bc4 Nf6 4. Ng5 d5 5. exd5 Na5 6. Bb5+ c6 7. dxc6 bxc6 8. Qf3 Be7 9. Bxc6+ Nxc6 10. Qxc6+ Bd7 11. Qc4 0-0 12. Qe2 Ng4 13. Ne4 f5 14. h3 Nh6 15. Nc5 Bxc5 16. Qc4+ Rf7 17. Qxc5 Rc8 18. Qa3 f4 19. Nc3 Qg5 20. Kf1 Bc6 21. f3 Nf5 22. Rg1 Nd4 23. Qa6 Re8 24. d3 Qh4 25. Ne4 Bxe4 26. dxe4 Nxc2 27. Qe2 Nxa1 28. b3 Rc8 0-1

[Event "San Francisco TNM Summer op"]
[Site "San Francisco"]
[Date "2015.07.14"]
[Round "8"]
[White "Smail, Benedict"]
[Black "Maser, Thomas F"]
[Result "1-0"]
[WhiteElo "2257"]
[BlackElo "1900"]
[PlyCount "57"]
[EventDate "2015.05.26"]
[EventType "swiss"]
[EventRounds "8"]
[EventCountry "USA"]
[SourceTitle "EXT 2016"]
[Source "ChessBase"]
[SourceDate "2015.10.08"]
[SourceVersion "1"]
[SourceVersionDate "2015.10.08"]
[SourceQuality "1"]

1. d4 Nf6 2. c4 e6 3. Nc3 Bb4 4. Qc2 0-0 5. e3 d5 6. a3 Bxc3+ 7. Qxc3 b6 8. Be2 Bb7 9. Nf3 Nbd7 10. 0-0 c5 11. b4 Rc8 12. dxc5 bxc5 13. b5 Ne4 14. Qc2 Ng5 15. Bb2 d4 16. exd4 Bxf3 17. Bxf3 Nxf3+ 18. gxf3 Qg5+ 19. Kh1 Qf4 20. Qe4 Qd2 21. Rab1 Nf6 22. Qe3 Qxe3 23. fxe3 cxd4 24. Bxd4 Rc7 25. Rfc1 Rfc8 26. c5 e5 27. Bxe5 Rxc5 28. Rxc5 Rxc5 29. Bb8 1-0

[Event "San Francisco TNM Spring op"]
[Site "San Francisco"]
[Date "2015.04.14"]
[Round "5"]
[White "Maser, Thomas F"]
[Black "Hood, Bryan"]
[Result "1-0"]
[WhiteElo "1956"]
[BlackElo "1628"]
[PlyCount "61"]
[EventDate "2015.03.17"]
[EventType "swiss"]
[EventRounds "8"]
[EventCountry "USA"]
[SourceTitle "EXT 2016"]
[Source "ChessBase"]
[SourceDate "2015.10.08"]
[SourceVersion "1"]
[SourceVersionDate "2015.10.08"]
[SourceQuality "1"]

1. e4 e5 2. Nf3 Nc6 3. Bb5 Nf6 4. d3 d6 5. c3 Bd7 6. 0-0 Be7 7. Re1 0-0 8. Nbd2 a6 9. Ba4 b5 10. Bc2 Bg4 11. h3 Bh5 12. Nf1 Nd7 13. Ng3 Bg6 14. a4 f5 15. Nxf5 Bxf5 16. exf5 Rxf5 17. d4 Rf6 18. Be4 d5 19. Bxd5+ Kf8 20. dxe5 Ndxe5 21. Nxe5 Nxe5 22. Bxa8 Qxa8 23. Rxe5 Rg6 24. Qd5 c6 25. Qd7 Bf6 26. Qd6+ Kf7 27. Qe6+ Kf8 28. Be3 Qd8 29. Bc5+ Be7 30. Bxe7+ Qxe7 31. Qxe7+ 1-0

[Event "San Francisco TNM Spring op"]
[Site "San Francisco"]
[Date "2015.03.17"]
[Round "1"]
[White "Robertson, Guy"]
[Black "Maser, Thomas F"]
[Result "1/2-1/2"]
[WhiteElo "1437"]
[BlackElo "1956"]
[PlyCount "73"]
[EventDate "2015.03.17"]
[EventType "swiss"]
[EventRounds "8"]
[EventCountry "USA"]
[SourceTitle "EXT 2016"]
[Source "ChessBase"]
[SourceDate "2015.10.08"]
[SourceVersion "1"]
[SourceVersionDate "2015.10.08"]
[SourceQuality "1"]

1. d4 Nf6 2. c4 e6 3. a3 c5 4. e3 Be7 5. Nc3 0-0 6. g3 d5 7. cxd5 cxd4 8. exd4 Nxd5 9. Bg2 Bf6 10. Nge2 Nb6 11. 0-0 Nc6 12. Be3 Nc4 13. b3 Nd6 14. Rc1 Bd7 15. d5 exd5 16. Nxd5 Bb2 17. Rc2 Bxa3 18. Rd2 Bg4 19. h3 Bxe2 20. Qxe2 Re8 21. Rfd1 Nf5 22. Qb5 Nxe3 23. Nxe3 Qb6 24. Qa4 Bc5 25. Nd5 Qd8 26. b4 Bb6 27. b5 Na5 28. Nxb6 Qxb6 29. Ra1 Qh6 30. Qxa5 b6 31. Qb4 Rac8 32. Rd7 Re2 33. Raxa7 Qc1+ 34. Kh2 Rxf2 35. Qe7 Rxg2+ 36. Kxg2 Rc2+ 37. Kf3 1/2-1/2